Modern auditing / (Record no. 9606)
[ view plain ]
| 000 -LEADER | |
|---|---|
| fixed length control field | 00695pam a2200205 a 4500 |
| 020 ## - INTERNATIONAL STANDARD BOOK NUMBER | |
| International Standard Book Number | 0471596876 (cloth) |
| 050 00 - LIBRARY OF CONGRESS CALL NUMBER | |
| Classification number | HF5667 |
| Item number | .K39 1996 |
| 100 1# - MAIN ENTRY--PERSONAL NAME | |
| Personal name | Boynton, William C. |
| 245 10 - TITLE STATEMENT | |
| Title | Modern auditing / |
| Statement of responsibility, etc. | William C. Boynton, Walter G. Kell. |
| 250 ## - EDITION STATEMENT | |
| Edition statement | 6th ed. |
| 260 ## - PUBLICATION, DISTRIBUTION, ETC. (IMPRINT) | |
| Place of publication, distribution, etc. | New York : |
| Name of publisher, distributor, etc. | J. Wiley & Sons, |
| Date of publication, distribution, etc. | c1996. |
| 300 ## - PHYSICAL DESCRIPTION | |
| Extent | xxxi, 928 p. : |
| 500 ## - GENERAL NOTE | |
| General note | Rev. ed. of: Modern auditing / Walter G. Kell. 5th ed. 1992. |
| 650 ## - SUBJECT ADDED ENTRY--TOPICAL TERM | |
| General subdivision | Auditing ; |
| -- | Australia. |
| 700 1# - ADDED ENTRY--PERSONAL NAME | |
| Personal name | Kell, Walter Gerry, |
| 700 1# - ADDED ENTRY--PERSONAL NAME | |
| Personal name | Kell, Walter Gerry, |
| 856 4# - ELECTRONIC LOCATION AND ACCESS | |
| Uniform Resource Identifier | <a href="http://www.loc.gov/catdir/toc/onix06/94041807.html">http://www.loc.gov/catdir/toc/onix06/94041807.html</a> |
| 856 42 - ELECTRONIC LOCATION AND ACCESS | |
| Uniform Resource Identifier | <a href="http://www.loc.gov/catdir/enhancements/fy0706/94041807-d.html">http://www.loc.gov/catdir/enhancements/fy0706/94041807-d.html</a> |
| 942 ## - ADDED ENTRY ELEMENTS (KOHA) | |
| Source of classification or shelving scheme | Library of Congress Classification |
| Koha item type | General circulation |
| Withdrawn status | Lost status | Source of classification or shelving scheme | Damaged status | Not for loan | Home library | Current library | Shelving location | Date acquired | Source of acquisition | Cost, normal purchase price | Total Checkouts | Full call number | Barcode | Date last seen | Date last checked out | Cost, replacement price | Price effective from | Koha item type | Public note |
|---|---|---|---|---|---|---|---|---|---|---|---|---|---|---|---|---|---|---|---|
| Library of Congress Classification | Kitui Town Campus Library | Kitui Town Campus Library | General Stacks | 28/10/2015 | Donation - Books for Africa | 1495.00 | 1 | HF 5667 .K39 1996 | 2015/009616 | 13/11/2018 | 27/10/2018 | 1644.00 | 28/10/2015 | General circulation | Nzk | ||||
| Library of Congress Classification | Main Campus Library | Main Campus Library | General Stacks | 11/07/2018 | Donation | HF 5667 .K39 1996 | 11/07/2018 | 11/07/2018 | General circulation |